000 00577nam a2200157 a 4500
001 000030400
005 20200930062307.0
008 110517s1989 dr ac 000 0 spa d
040 _aDO-SdBNP
_bspa
_cBNPHU
082 _axxx
_bD598i
245 0 1 _aDirectorio interamericano de adherentes individuales 1989-90 /
_cedición y selección de textos Víctor Abreu Páez.
260 _aSanto Domingo :
_bAsociación Interamericana de Contabilidad,
_c1989.
_fEditora Grafideas
300 _a143 p. :
_bil., retrs. ;
_c22 cm.
700 1 _aAbreu Páez, Víctor
_eed.
_957030
049 _aBNPD
999 _c29892
_d29892